000 00595nmm a2200169Ia 4500
008 251105s9999||||xx |||||||||||||||||und||
020 _a9789585365896
041 _aspa
100 _aVV. AA.
245 0 _aEncrucijadas teológicas :
_b Ensayos exegéticos, teológicos y misionales desde una perspectiva interamericana
264 _a[Bogotá, Colombia] :
_bCorporación Universitaria Adventista - UNAC,
_c2022
300 _a192 páginas
490 _aLibros resultantes de Investigación
650 _aReligion(s)
856 _uhttps://public.digitaliapublishing.com/a/144093
942 _cCF
999 _c95130
_d95130